000 00512nam a22001697a 4500
005 20251108171831.0
008 250721s2002 xx 000 0 ara d
082 1 4 _a657.48/خطي
100 1 _aالخطيب، حسين حسن
245 1 0 _aالمحاسبة المالية و أصولها الإسلامية /
264 1 _aعمان :
_bدار يافا للنشر،
_c2002.
300 _a235ص
650 1 7 _aالمحاسبة
650 1 7 _aالسجلات المالية
942 _2ddc
_cBK
999 _c63818
_d63818